000 00624cam a2200253 4500
001 B185
008 090401t1985 xxu||||| |||| 00| 0 eng d
035 _a(Sirsi) u34099
041 _aeng
050 _a346.41032
100 _aCornes, David L
245 _aDesign liability in the construction industry
250 _a2nd ed.
260 _aLondon
_bCollins
_c1985
300 _aviii, 232p. ; 24cm.
350 _a17.5
650 _aBUILDING FAILURES
650 _aBUILDING INDUSTRY
650 _aInsurance
_96249
650 _aLIMITATION OF ACTION
650 _aNEGLIGENCE
942 _n0
948 _c04/03/1997
999 _c89905
_d89905